Jamharat ashʻār al-ʻArab /
Main Author:
Format: Book
Language: Arabic
Published:
[Cairo] :
al-Maktabah al-Tijārīyah al-Kubrá,
1926.
Subjects:
Tags: Add Tag
Call Number: PJ7645 .Q96 1926
| LEADER | 01158nam a2200217Ia 4500 | ||
|---|---|---|---|
| 003 | OSt | ||
| 005 | 20231018093632.0 | ||
| 008 | 130303s1926 ua 000 0 ara d | ||
| 952 | |0 0 |1 0 |2 lcc |4 0 |6 PJ7645 Q96 01926 |7 1 |9 50821 |a ARCE |b ARCE |d 2023-10-18 |l 0 |o PJ7645 .Q96 1926 |p 1030811 |r 2023-10-18 00:00:00 |w 2023-10-18 |y BK | ||
| 999 | |c 30010 |d 30010 | ||
| 040 | |c ARCE Library | ||
| 050 | 4 | |a PJ7645 .Q96 1926 | |
| 100 | 1 | |6 880-01 |a Qurashī, Abū Zayd Muḥammad ibn Abī al-Khaṭṭāb, |e author | |
| 245 | 1 | 0 | |6 880-02 |a Jamharat ashʻār al-ʻArab / |c taʼlīf Abī Zayd Muhạmmad ibn Abī al-Khatṭạāb al-Qurashī ; ʻuniya bi-dạbtịhā wa-sharhịhā ahạd afādḍịl al-ʻulamāʼ. |
| 264 | 1 | |a [Cairo] : |b al-Maktabah al-Tijārīyah al-Kubrá, |c 1926. | |
| 300 | |a 388 pages ; |c 23 cm. | ||
| 650 | 0 | |a Arabic poetry |v Early works to 1800. | |
| 880 | 1 | |6 100-01/(3/r |a قرشي، أبو زيد محمد بن أبي الخطاب | |
| 880 | 1 | 0 | |6 245-02/(3/r |a جمهرة أشعار العرب |c تأليف أبي زيد محمد بن أبي الخطاب القرشي ؛ عني بضبطها وشرحها أحد أفاضل العلماء |
| 901 | |a reviewed | ||
| 942 | |c BK |2 lcc | ||
